Statistiques concernant Prénoms célèbres n°12

Cliquez ici pour prendre le quiz!

Statistiques générales

  • Ce quiz a été pris 318 fois
  • Le résultat moyen est 10 sur 16

Statistiques - réponses

PrénomNoms de famille% Correct
AlbertEinstein, Camus, Speer
96%
CharlieChaplin, Sheen, Parker
96%
Jean-JacquesGoldman, Sempé, Rousseau
92%
CharlotteGainsbourg, Casiraghi, Rampling
89%
MichellePfeiffer, Bachelet, Obama
85%
Honoréde Balzac, Daumier, Beaugrand
81%
ArnoldSchwarzenegger, Schönberg, Jeannesson
80%
VirginieEfira, Despentes, Ledoyen, Razzano
78%
TaylorSwift, Lautner, Schilling
68%
Ottovon Bismarck, Dix, Preminger
46%
SebastianVettel, Giovinco, Kurz, Coe
40%
HelmutLang, Lotti, Kohl
38%
Maximiliende Robespierre, Luce,
de Béthune (duc de Sully)
36%
HeinrichHeine, Böll, Himmler
24%
BarbaraTissier, Cassin, Bush, Stanwyck
14%
GeoffreyBlancaneaux, Jourdren, Rush
14%

Distribution des résultats

Percentile par nombre de réponses

% des personnes avec chaque résultat

Votre développement - résultats

Vous n’avez pas pris ce quiz